System Administration Guide: Advanced Administration (E-Book) (Record no. 192545)
[ view plain ]
| 000 -LEADER | |
|---|---|
| fixed length control field | 00343 a2200133 4500 |
| 003 - CONTROL NUMBER IDENTIFIER | |
| control field | Nust |
| 005 - DATE AND TIME OF LATEST TRANSACTION | |
| control field | 20170207154039.0 |
| 040 ## - CATALOGING SOURCE | |
| Transcribing agency | Nust |
| 100 ## - MAIN ENTRY--PERSONAL NAME | |
| Personal name | Sun Microsystems |
| 245 ## - TITLE STATEMENT | |
| Title | System Administration Guide: Advanced Administration (E-Book) |
| Statement of responsibility, etc. | Sun Microsystems |
| 260 ## - PUBLICATION, DISTRIBUTION, ETC. | |
| Place of publication, distribution, etc. | U.S.A |
| Name of publisher, distributor, etc. | Sun Microsystems |
| Date of publication, distribution, etc. | © 2005 |
| 300 ## - PHYSICAL DESCRIPTION | |
| Extent | 496p; |
| 651 ## - SUBJECT ADDED ENTRY--GEOGRAPHIC NAME | |
| Geographic name | (E-Book) |
| 942 ## - ADDED ENTRY ELEMENTS (KOHA) | |
| Source of classification or shelving scheme | |
| Koha item type | Book |
| Withdrawn status | Lost status | Source of classification or shelving scheme | Damaged status | Not for loan | Collection code | Permanent Location | Current Location | Date acquired | Total Checkouts | Barcode | Date last seen | Price effective from | Koha item type |
|---|---|---|---|---|---|---|---|---|---|---|---|---|---|
| Military College of Signals (MCS) | Military College of Signals (MCS) | 12/12/2016 | MCSEB-1994 | 12/08/2016 | 12/12/2016 | Book |
